000
00259nam a2200109Ia 4500
008
230907s9999||||xx |||||||||||||| ||und||
082
_a
300.72
_b
CHA
245
0
_a
Research methodology /
260
_a
Pearson,
_b
Noida :
_c
2018
300
_a
304 p.
942
_c
BK
999
_c
600366
_d
600366